Т. 55, № 3; Физикохимия поверхности и защита материалов

Библиографические подробности
Источник:Физикохимия поверхности и защита материалов/ Российская академия наук (РАН). Т. 55, № 3.— , 2008-
Примечания:Режим доступа: по договору с организацией-держателем ресурса
Язык:русский
Опубликовано: 2019
Online-ссылка:https://sciencejournals.ru/view-issue/?j=zamet&y=2019&v=55&n=3
https://elibrary.ru/contents.asp?id=37713565
Формат: MixedMaterials Электронный ресурс Книга
Запись в KOHA:https://koha.lib.tpu.ru/cgi-bin/koha/opac-detail.pl?biblionumber=583779

MARC

LEADER 00000nam2a2200000 4500
001 583779
005 20231101131035.0
035 |a (RuTPU)RU\TPU\prd\284938 
035 |a RU\TPU\prd\284100 
090 |a 583779 
100 |a 20190621a19659999k y0rusy50 ca 
101 0 |a rus 
102 |a RU 
181 0 |a i  
182 0 |a b 
200 0 |a Т. 55, № 3  |b Электронный ресурс 
203 |a Текст  |c электронный 
210 |d 2019 
333 |a Режим доступа: по договору с организацией-держателем ресурса 
461 1 |0 (RuTPU)RU\TPU\prd\1491  |t Физикохимия поверхности и защита материалов  |f Российская академия наук (РАН)  |v Т. 55, № 3  |d 2008- 
801 0 |a RU  |b 63413507  |c 20010227  |g PSBO 
801 1 |a RU  |b 63413507  |c 20170619 
801 2 |a RU  |b 63413507  |c 20220224  |g RCR 
856 4 0 |u https://sciencejournals.ru/view-issue/?j=zamet&y=2019&v=55&n=3 
856 4 0 |u https://elibrary.ru/contents.asp?id=37713565 
942 |c BK